ICT sector performance in Africa: a review of seven African countries (Record no. 76285)
[ view plain ]
| 000 -LEADER | |
|---|---|
| fixed length control field | 01092nrm a2200193 a 4500 |
| 008 - FIXED-LENGTH DATA ELEMENTS--GENERAL INFORMATION | |
| fixed length control field | 070508s2004 ||||||||||||||||| || u |
| 050 ## - LIBRARY OF CONGRESS CALL NUMBER | |
| Classification number | HC 79.I55 ICT |
| 100 ## - MAIN ENTRY--PERSONAL NAME | |
| Personal name | Gillwald, Alison |
| 245 10 - TITLE STATEMENT | |
| Title | ICT sector performance in Africa: a review of seven African countries |
| Medium | [toy] |
| 260 ## - PUBLICATION, DISTRIBUTION, ETC. | |
| Place of publication, distribution, etc. | Witts University |
| Name of publisher, distributor, etc. | IDRC |
| Date of publication, distribution, etc. | 2004 |
| 300 ## - PHYSICAL DESCRIPTION | |
| Extent | 32 pages |
| 350 ## - | |
| -- | 0.00 |
| 650 ## - SUBJECT ADDED ENTRY--TOPICAL TERM | |
| Topical term or geographic name entry element | INFORMATION |
| 650 ## - SUBJECT ADDED ENTRY--TOPICAL TERM | |
| Topical term or geographic name entry element | TECHNOLOGY, INFORMATION |
| 995 ## - | |
| -- | ANNEX COLLECTION (Main Library) |
| -- | 0.00 |
| -- | 737709 |
| -- | CBU-MAIN LIBRARY (Kitwe) |
| -- | 1 |
| -- | 0.00 |
| -- | HC 79.I55 ICT |
| -- | 2 |
| -- | AVAILABLE |
| -- | May 8, 2007 |
| -- | 54968 |
| -- | Annex Low-Usage Collection |
| 995 ## - | |
| -- | SPECIAL COLLECTIONS |
| -- | 0.00 |
| -- | 737711 |
| -- | CBU-MAIN LIBRARY (Kitwe) |
| -- | 1 |
| -- | 0.00 |
| -- | ZAM HC 79.I55 ICT |
| -- | 3 |
| -- | AVAILABLE |
| -- | May 8, 2007 |
| -- | 54969 |
| -- | Zambiana Collection |
| 995 ## - | |
| -- | SPECIAL COLLECTIONS |
| -- | 0.00 |
| -- | 737710 |
| -- | CBU-MAIN LIBRARY (Kitwe) |
| -- | 1 |
| -- | 0.00 |
| -- | ZAM HC 79.I55 ICT |
| -- | 4 |
| -- | AVAILABLE |
| -- | May 8, 2007 |
| -- | 54970 |
| -- | Zambiana Collection |
| 995 ## - | |
| -- | MAIN LIBRARY OPEN ACCESS |
| -- | 0.00 |
| -- | 737708 |
| -- | CBU-MAIN LIBRARY (Kitwe) |
| -- | 1 |
| -- | 0.00 |
| -- | HC 79.I55 ICT |
| -- | 1 |
| -- | AVAILABLE |
| -- | May 8, 2007 |
| -- | 54967 |
| -- | Main Library Open Access Collection |
| 999 ## - | |
| -- | 76285 |
| -- | 76285 |
| Withdrawn status | Lost status | Source of classification or shelving scheme | Damaged status | Not for loan | Permanent Location | Current Location | Shelving location | Date acquired | Total Checkouts | Full call number | Barcode | Date last seen | Copy number | Price effective from | Koha item type |
|---|---|---|---|---|---|---|---|---|---|---|---|---|---|---|---|
| CBU-MAIN LIBRARY, KITWE. | CBU-MAIN LIBRARY, KITWE. | 04/25/2023 | HC 79.I55 ICT | 54968 | 04/25/2023 | 1 | 04/25/2023 | MONOGRAPH | |||||||
| CBU-MAIN LIBRARY, KITWE. | CBU-MAIN LIBRARY, KITWE. | 04/25/2023 | HC 79.I55 ICT | 54969 | 04/25/2023 | 2 | 04/25/2023 | SPECIAL COLLECTION | |||||||
| CBU-MAIN LIBRARY, KITWE. | CBU-MAIN LIBRARY, KITWE. | 04/25/2023 | HC 79.I55 ICT | 54970 | 04/25/2023 | 3 | 04/25/2023 | SPECIAL COLLECTION | |||||||
| CBU-MAIN LIBRARY, KITWE. | CBU-MAIN LIBRARY, KITWE. | 04/25/2023 | HC 79.I55 ICT | 54967 | 04/25/2023 | 4 | 04/25/2023 | MONOGRAPH |